000 00691nam a22002177a 4500
003 UA-OsUOA
001 36180
007 ta
008 20060707b un ||||| |||| 00| 0 ukr d
090 _a082:947(477)
_bС71
942 _cBK
040 _aUA-OsUOA
_bukr
_cUA-OsUOA
_dUA-OsUOA
245 _aСпадщина Олега Кандиби-О. Ольжича у контексті національного відродження україни
_bЗбірник матеріалів
300 _a278 с.
955 _a1
041 _aukr
080 _a082:947(477)
260 _aТернопіль
_c1999
650 7 _a08 Видання. Колективні праці
_2UDC
999 _c434718
_d434718